Model study of shoreline changes due to a series of offshore breakwaters /

Bibliographic Details
Main Author: Cords, Donald Alan, 1960-
Format: Thesis eBook
Language:English
Published: [Place of publication not identified] : [publisher not identified] ; 1986.
Subjects:
Online Access:Link to OAKTrust copy

MARC

Tag First Indicator Second Indicator Subfields
LEADER 00000cam a2200000 a 4500
001 in00000018488
005 20220103114404.0
007 cr unu a
008 880616s1986 xx a b 00010 eng d
035 |9 AAB0988AM 
035 |a (OCoLC)18098508 
040 |a TXA  |c TXA  |d UtOrBLW 
049 |a TXAZ [Also in] [Archives]  |c 1 [A09507721], 2 [A09507739] 
099 |a 1986  |a Thesis  |a C796 
100 1 |a Cords, Donald Alan,  |d 1960- 
245 1 0 |a Model study of shoreline changes due to a series of offshore breakwaters /  |c by Donald Alan Cords. 
264 1 |a [Place of publication not identified] :  |b [publisher not identified] ;  |c 1986. 
300 |a vii, 64 leaves :  |b illustrations ;  |c 29 cm. 
336 |a text  |b txt  |2 rdacontent 
337 |a computer  |b c  |2 rdamedia 
338 |a online resource  |b cr  |2 rdacarrier 
500 |a "Major subject: Ocean Engineering." 
500 |a Typescript (photocopy). 
500 |a Vita. 
502 |b M.S.  |c Texas A&M University  |d 1986. 
504 |a Bibliography: leaves 58-60. 
530 |a Also available online. 
650 0 |a Breakwaters. 
650 0 |a Coast changes. 
650 0 |a Hydraulic models. 
650 0 |a Shore protection. 
650 4 |a Major ocean engineering. 
856 4 1 |u https://hdl.handle.net/1969.1/ETD-TAMU-1986-THESIS-C796  |z Link to OAKTrust copy  |t 0 
999 |a MARS 
999 f f |s dc5810b0-f9a0-3b1b-bccb-552245b892f9  |i 07ed6f5c-68ef-361d-845f-ae12d1814785  |t 0 
952 f f |p noncirc  |a Texas A&M University  |b J.J. Pickle Campus  |c High Density Repository  |s HDR  |d Remote Storage  |t 0  |e 1986 Thesis C796  |h Other scheme  |i computer -- online resource  |m A14839609812 
952 f f |a Texas A&M University  |b College Station  |c Electronic Resources  |s www_evans  |d Available Online  |t 0  |e 1986 Thesis C796  |h Other scheme 
998 f f |a 1986 Thesis C796  |t 0  |l Remote Storage 
998 f f |a 1986 Thesis C796  |t 0  |l Available Online